[Event "Superbet POL Blitz 2025"]
[Site "Warsaw POL"]
[Date "2025.04.29"]
[Round "8.5"]
[White "Aronian, Levon"]
[Black "Fedoseev, Vladimir3"]
[Result "0-1"]
[WhiteTitle "GM"]
[BlackTitle "GM"]
[WhiteElo "2747"]
[BlackElo "2739"]
[WhiteFideId "13300474"]
[BlackFideId "24130737"]
[EventDate "2025.04.29"]

1. e4 e5 2. Nf3 Nf6 3. Nxe5 d6 4. Nc4 Nxe4 5. Qe2 Qe7 6. Ne3 Be6 7. c4 Nc6 8.
Nc3 Nf6 9. Ncd5 Qd8 10. b3 Be7 11. Bb2 O-O 12. g3 Nxd5 13. cxd5 Bf6 14. dxc6
Bxb2 15. Rb1 Bd4 16. cxb7 Rb8 17. Bg2 d5 18. Qb5 Qd6 19. O-O c5 20. Nc2 a6 21.
Qd3 Bf6 22. Ne3 Rfd8 23. f4 Rxb7 24. f5 Bc8 25. Nxd5 Bd4+ 26. Kh1 Rbd7 27. f6
gxf6 28. Rbe1 Be5 29. Qc4 Bb7 30. Ne3 Bxg2+ 31. Kxg2 Qxd2+ 32. Re2 Qd4 33. Ng4
Qxc4 34. bxc4 Rd2 35. Rxd2 Rxd2+ 36. Rf2 Rd4 37. Nxf6+ Kg7 38. Ne8+ Kg6 39. Rb2
Rd8 40. Rb6+ f6 0-1

[Event "Superbet POL Blitz 2025"]
[Site "Warsaw POL"]
[Date "2025.04.29"]
[Round "9.1"]
[White "Duda, Jan-Krzysztof"]
[Black "Aronian, Levon"]
[Result "1-0"]
[WhiteTitle "GM"]
[BlackTitle "GM"]
[WhiteElo "2739"]
[BlackElo "2747"]
[WhiteFideId "1170546"]
[BlackFideId "13300474"]
[EventDate "2025.04.29"]

1. c4 Nf6 2. Nc3 e5 3. g3 Bb4 4. Bg2 O-O 5. Nf3 Re8 6. O-O Bxc3 7. bxc3 d6 8. a4
a5 9. d3 e4 10. Nd4 h6 11. h3 b6 12. g4 Bb7 13. Nf5 exd3 14. exd3 Bxg2 15. Kxg2
Nbd7 16. d4 Qc8 17. Qf3 Rb8 18. Bxh6 gxh6 19. Nxh6+ Kg7 20. g5 Rh8 21. Nf5+ Kf8
22. Rae1 Rg8 23. Qf4 Qb7+ 24. Kh2 Re8 25. d5 Qc8 26. gxf6 Rh8 27. Ne7 Qd8 28.
Qg5 1-0

[Event "Superbet POL Blitz 2025"]
[Site "Warsaw POL"]
[Date "2025.04.29"]
[Round "9.2"]
[White "Vachier-Lagrave, Maxime"]
[Black "Aravindh, Chithambaram VR."]
[Result "1/2-1/2"]
[WhiteTitle "GM"]
[BlackTitle "GM"]
[WhiteElo "2722"]
[BlackElo "2749"]
[WhiteFideId "623539"]
[BlackFideId "5072786"]
[EventDate "2025.04.29"]

1. e4 c5 2. Nf3 d6 3. d4 cxd4 4. Nxd4 Nf6 5. Nc3 g6 6. Be3 Bg7 7. f3 O-O 8. Qd2
Nc6 9. O-O-O d5 10. exd5 Nxd5 11. Nxc6 bxc6 12. Bd4 e5 13. Bc5 Be6 14. Ne4 Re8
15. Bc4 Qc7 16. h4 h6 17. g4 f5 18. gxf5 gxf5 19. Ng3 Qf7 20. Rhg1 Kh7 21. Qa5
Rad8 22. Qxa7 Rd7 23. Qa6 Red8 24. Bb3 Bf6 25. Rh1 Rg8 26. Ne2 Rg2 27. Nc3 Nxc3
28. bxc3 Bd5 29. Rhg1 Rxg1 30. Rxg1 Bxh4 31. Kb2 Bf6 32. Qc8 Bg7 33. a4 Rb7 34.
Bb4 Rc7 35. Qa8 Bxb3 36. cxb3 c5 37. Ba5 Rb7 38. c4 Ra7 39. Qd8 Rd7 40. Qc8 e4+
41. Ka3 exf3 42. Rf1 Rd3 43. Bb6 Qf6 44. Bxc5 Qb2+ 45. Kb4 Qxb3+ 46. Ka5 Bc3+
47. Ka6 Qxc4+ 48. Kb7 Qe4+ 49. Kb6 Bg7 50. a5 Rb3+ 51. Ka7 Qe2 52. Qxf5+ Kh8 53.
Qc8+ Kh7 54. Qf5+ Kh8 55. Qc8+ Kh7 56. Qf5+ 1/2-1/2

[Event "Superbet POL Blitz 2025"]
[Site "Warsaw POL"]
[Date "2025.04.29"]
[Round "9.3"]
[White "Praggnanandhaa, R"]
[Black "Gavrilescu, David"]
[Result "1-0"]
[WhiteTitle "GM"]
[BlackTitle "GM"]
[WhiteElo "2758"]
[BlackElo "2554"]
[WhiteFideId "25059530"]
[BlackFideId "1227190"]
[EventDate "2025.04.29"]

1. d4 d5 2. Bf4 c5 3. e3 cxd4 4. exd4 Nc6 5. c3 Bf5 6. Qb3 Qd7 7. Nd2 e6 8. Ngf3
f6 9. h3 g5 10. Bg3 h5 11. Be2 Nge7 12. Nf1 Bg7 13. Ne3 Be4 14. h4 g4 15. Nd2
Bh7 16. Qa3 Bh6 17. b4 Ng6 18. b5 Nce7 19. b6 O-O 20. bxa7 Nc6 21. Bb5 Rfc8 22.
Bb8 Nge7 23. Nb3 b6 24. Qa6 Qd8 25. Bxc6 Nxc6 26. Qb7 Raxb8 27. axb8=Q Nxb8 28.
O-O Bd3 29. Rfe1 Ba6 30. Qa7 Bf4 31. g3 Bd6 32. a4 Bd3 33. a5 bxa5 34. Qxa5 Qxa5
35. Nxa5 Rxc3 36. Rec1 Rxc1+ 37. Rxc1 Kf7 38. Rc8 Na6 39. Rc6 Be7 40. Nb3 Nb4
41. Rc7 Ke8 42. Ng2 Bd6 43. Rb7 Nc2 44. Nc5 Nxd4 45. Nxd3 e5 46. Ne3 Nf3+ 47.
Kf1 e4 48. Nb2 d4 49. Nf5 Be5 50. Nc4 d3 51. Ncd6+ Kd8 52. Nxe4 Kc8 53. Rb3 d2
54. Rd3 1-0

[Event "Superbet POL Blitz 2025"]
[Site "Warsaw POL"]
[Date "2025.04.29"]
[Round "9.4"]
[White "Fedoseev, Vladimir3"]
[Black "Firouzja, Alireza"]
[Result "1/2-1/2"]
[WhiteTitle "GM"]
[BlackTitle "GM"]
[WhiteElo "2739"]
[BlackElo "2757"]
[WhiteFideId "24130737"]
[BlackFideId "12573981"]
[EventDate "2025.04.29"]

1. d4 Nf6 2. c4 e6 3. Nf3 d5 4. g3 Bb4+ 5. Bd2 Be7 6. Bg2 O-O 7. O-O c6 8. Qc2
Nbd7 9. Bf4 a5 10. Rd1 h6 11. Nc3 dxc4 12. Nd2 Nb6 13. e4 g5 14. Be3 Ng4 15. Nf1
f5 16. exf5 exf5 17. d5 Nxe3 18. Nxe3 Qe8 19. dxc6 bxc6 20. Na4 Nxa4 21. Qxa4
Rb8 22. Bxc6 Qg6 23. Qxc4+ Kg7 24. Qd4+ Qf6 25. Qa7 Be6 26. Bd5 f4 27. Bxe6 fxe3
28. Qxe3 Rxb2 29. Rf1 Rc2 30. Rad1 Rc6 31. Bb3 Rc7 32. Rd5 Bb4 33. Qd3 Kh8 34.
Qd4 Qxd4 35. Rxd4 Re7 36. Kg2 Re2 37. Rd5 Be1 38. Kh3 Bxf2 39. Kg4 Rf6 40. Rd8+
Kg7 41. Kh5 Re7 42. Rfd1 g4 43. Rg8+ Kh7 44. Rxg4 Rc6 45. Bg8+ Kh8 46. Bd5 Rd6
47. Kh4 Red7 48. Rg8+ Kh7 49. Rf8 Be3 50. Be4+ Kg7 51. Rxd6 Rxd6 52. Rf3 Bg5+
53. Kh5 Rd2 54. h4 Bf6 55. a3 Rd4 56. Bf5 Be5 57. g4 Bf6 58. Rb3 Rd6 59. Rb7+
Kf8 60. Ra7 Bd8 61. Bg6 Rd5+ 62. Kxh6 Bxh4 63. Kh7 Be7 64. a4 Rd1 65. Rxa5 Bd6
66. Rf5+ Ke7 67. a5 Ra1 68. Rb5 Bc7 69. g5 Rxa5 70. Rxa5 Bxa5 71. Bd3 Bc3 72. g6
Bd4 73. g7 1/2-1/2

[Event "Superbet POL Blitz 2025"]
[Site "Warsaw POL"]
[Date "2025.04.29"]
[Round "9.5"]
[White "Topalov, Veselin"]
[Black "Deac, Bogdan-Daniel"]
[Result "0-1"]
[WhiteTitle "GM"]
[BlackTitle "GM"]
[WhiteElo "2717"]
[BlackElo "2668"]
[WhiteFideId "2900084"]
[BlackFideId "1226380"]
[EventDate "2025.04.29"]

1. Nf3 Nf6 2. e3 c5 3. b3 g6 4. Bb2 Bg7 5. c4 b6 6. Be2 Bb7 7. O-O O-O 8. d4
cxd4 9. Nxd4 d6 10. Nc3 Nbd7 11. Bf3 Qc8 12. Rc1 Ne5 13. Bxb7 Qxb7 14. Qe2 a6
15. Rfd1 Rac8 16. h3 Rfd8 17. a4 Ned7 18. Ba1 Nc5 19. Rb1 Rd7 20. Nd5 Nxd5 21.
cxd5 Qxd5 22. b4 Nxa4 23. Qxa6 Qa8 24. Qxa8 Rxa8 25. Nb5 Rc8 26. Rd2 Rdd8 27.
Bxg7 Kxg7 28. Rd3 Rc4 29. Ra3 Ra8 30. Kf1 Kf6 31. Ke2 Ke6 32. Kd3 d5 33. Rba1
Nb2+ 34. Ke2 Rxa3 35. Nxa3 Rxb4 36. Nc2 Ra4 37. Rb1 Nc4 38. Nd4+ Kf6 0-1

[Event "Superbet POL Blitz 2025"]
[Site "Warsaw POL"]
[Date "2025.04.30"]
[Round "10.1"]
[White "Aravindh, Chithambaram VR."]
[Black "Gavrilescu, David"]
[Result "1/2-1/2"]
[WhiteTitle "GM"]
[BlackTitle "GM"]
[WhiteElo "2749"]
[BlackElo "2554"]
[WhiteFideId "5072786"]
[BlackFideId "1227190"]
[EventDate "2025.04.29"]

1. e4 c5 2. Nf3 d6 3. d4 cxd4 4. Nxd4 Nf6 5. Nc3 a6 6. g3 e5 7. Nde2 Be7 8. Bg2
b5 9. Nd5 Nbd7 10. Nec3 Bb7 11. a4 bxa4 12. Rxa4 O-O 13. O-O Nb6 14. Nxe7+ Qxe7
15. Rb4 Qc7 16. Bg5 Nbd7 17. Qd2 h6 18. Be3 Rfd8 19. Rd1 Nc5 20. Rc4 Qe7 21. b4
Ne6 22. Nd5 Nxd5 23. exd5 Nf8 24. Bb6 Rdc8 25. Rxc8 Rxc8 26. Qd3 Qe8 27. c4 Nd7
28. Be3 e4 29. Qe2 a5 30. c5 dxc5 31. bxa5 Ra8 32. Qd2 Ne5 33. Bxc5 Nf3+ 34.
Bxf3 exf3 35. Bb6 Qd7 36. Qd3 Qg4 37. d6 Qh3 38. Qf1 Qd7 39. Qd3 Qh3 40. Qf1 Qd7
41. Qe1 Ba6 42. Qe3 Bb7 43. Qd3 Qh3 44. Qf1 Qd7 45. Qd3 1/2-1/2

[Event "Superbet POL Blitz 2025"]
[Site "Warsaw POL"]
[Date "2025.04.30"]
[Round "10.2"]
[White "Praggnanandhaa, R"]
[Black "Deac, Bogdan-Daniel"]
[Result "0-1"]
[WhiteTitle "GM"]
[BlackTitle "GM"]
[WhiteElo "2758"]
[BlackElo "2668"]
[WhiteFideId "25059530"]
[BlackFideId "1226380"]
[EventDate "2025.04.29"]

1. b3 c5 2. Bb2 d5 3. e3 a6 4. f4 Nc6 5. Nf3 Nf6 6. Ne5 g6 7. Nxc6 bxc6 8. Be5
Bh6 9. Nc3 O-O 10. Na4 d4 11. Qf3 Ng4 12. exd4 Nxe5 13. dxe5 Qd4 14. c3 Qxf4 15.
Qxf4 Bxf4 16. Nb6 Ra7 17. Nc4 Be6 18. g3 Bh6 19. O-O-O Rd8 20. Kc2 Rad7 21. d3
Bxc4 22. bxc4 Rb7 23. Bg2 Rdb8 24. Rb1 Rxb1 25. Rxb1 Rxb1 26. Kxb1 Bg7 27. d4
cxd4 28. cxd4 c5 29. dxc5 Bxe5 30. Kc2 Kf8 31. Bb7 a5 32. Kd3 e6 33. Bf3 Ke7 34.
a4 Bb8 35. Bc6 Ba7 36. Kd4 f5 37. Bb7 g5 38. Bg2 Kf6 39. Bf1 g4 40. Bg2 Ke7 41.
Bh1 h5 42. Bg2 Bb8 43. c6 Bd6 44. Bf1 Bc7 45. Bg2 e5+ 46. Kd5 f4 47. Be4 f3 48.
Bg6 Kf6 49. Bd3 Ke7 50. c5 Kf6 51. Ke4 Kg5 52. Kd5 h4 53. Ke6 hxg3 54. hxg3 e4
55. Bxe4 Bxg3 56. Kd7 Be5 57. c7 Bxc7 58. Kxc7 Kf4 59. Bd5 g3 60. c6 g2 61. Kd6
g1=Q 62. c7 Qb6+ 63. Kd7 Qd4 64. Kd6 Qe5+ 65. Kc6 Qc3+ 66. Kd7 f2 67. Bg2 Qd4+
68. Ke7 Qg7+ 69. Kd6 Qxg2 70. c8=Q f1=Q 71. Qc3 Qd1+ 72. Kc7 Qgc2 0-1

[Event "Superbet POL Blitz 2025"]
[Site "Warsaw POL"]
[Date "2025.04.30"]
[Round "10.3"]
[White "Topalov, Veselin"]
[Black "Aronian, Levon"]
[Result "0-1"]
[WhiteTitle "GM"]
[BlackTitle "GM"]
[WhiteElo "2717"]
[BlackElo "2747"]
[WhiteFideId "2900084"]
[BlackFideId "13300474"]
[EventDate "2025.04.29"]

1. c4 e6 2. Nf3 d5 3. e3 Nf6 4. b3 Bd6 5. Be2 b6 6. O-O Bb7 7. cxd5 exd5 8. Ba3
O-O 9. Bxd6 Qxd6 10. Nc3 a6 11. d4 Nbd7 12. Rc1 Rfe8 13. Rc2 Nf8 14. Qc1 Ne6 15.
Rd1 Re7 16. Bf1 g6 17. g3 Kg7 18. Bg2 h6 19. Qb2 Rae8 20. b4 Bc8 21. b5 Ng5 22.
Ne5 Bf5 23. Rcc1 a5 24. a3 Nh3+ 25. Kh1 h5 26. f3 Ng5 27. Ne2 Nd7 28. h4 Nh7 29.
f4 Ndf6 30. Rc6 Qd8 31. Rcc1 Ne4 32. Kg1 Re6 33. Qa2 Nhf6 34. a4 Ng4 35. Qb3 f6
36. Bxe4 Bxe4 37. Nxg4 hxg4 38. Rc3 g5 39. fxg5 fxg5 40. hxg5 Qxg5 41. Rxc7+
R8e7 42. Rxe7+ Rxe7 43. Qa3 Rf7 44. Rf1 Rf3 45. Rf2 Kf7 46. Nf4 Qh6 47. Rg2 Qf8
48. Qxf8+ Kxf8 49. Ng6+ Kg7 50. Ne5 Rxe3 51. Ra2 Rxg3+ 52. Kh2 Rh3+ 0-1

[Event "Superbet POL Blitz 2025"]
[Site "Warsaw POL"]
[Date "2025.04.30"]
[Round "10.4"]
[White "Duda, Jan-Krzysztof"]
[Black "Firouzja, Alireza"]
[Result "0-1"]
[WhiteTitle "GM"]
[BlackTitle "GM"]
[WhiteElo "2739"]
[BlackElo "2757"]
[WhiteFideId "1170546"]
[BlackFideId "12573981"]
[EventDate "2025.04.29"]

1. e4 c6 2. Nf3 d5 3. d3 g6 4. Nbd2 Bg7 5. g3 e5 6. Bg2 Ne7 7. O-O O-O 8. Re1
Qc7 9. b3 Re8 10. Bb2 d4 11. c3 c5 12. cxd4 cxd4 13. Rc1 Nbc6 14. a4 a5 15. Ba3
Bh6 16. Rc5 f6 17. h4 Be6 18. Qb1 Qd7 19. Nc4 Nc8 20. Rb5 Ra6 21. h5 N6a7 22.
hxg6 hxg6 23. Rd5 Bxd5 24. exd5 b5 25. Ncxe5 fxe5 26. Nxe5 Bd2 27. Re4 Qxd5 28.
Nf3 Rxe4 29. dxe4 Qh5 30. Nxd2 Qe2 31. Nf3 d3 32. Qc1 Rc6 33. Qh6 b4 34. Ng5 Qh5
35. Qxh5 gxh5 36. Bb2 d2 37. Bf3 Rc1+ 38. Kg2 d1=Q 39. Bxd1 Rxd1 40. Bf6 Nc6 41.
f4 Rd3 42. f5 Rxb3 0-1

[Event "Superbet POL Blitz 2025"]
[Site "Warsaw POL"]
[Date "2025.04.30"]
[Round "10.5"]
[White "Fedoseev, Vladimir3"]
[Black "Vachier-Lagrave, Maxime"]
[Result "1-0"]
[WhiteTitle "GM"]
[BlackTitle "GM"]
[WhiteElo "2739"]
[BlackElo "2722"]
[WhiteFideId "24130737"]
[BlackFideId "623539"]
[EventDate "2025.04.29"]

1. d4 Nf6 2. Bg5 d5 3. Nd2 c5 4. e3 Qb6 5. Ngf3 Nc6 6. dxc5 Qxb2 7. Rb1 Qc3 8.
Bb5 e6 9. O-O Be7 10. e4 Qxc5 11. Be3 Qa3 12. Rb3 Qa5 13. Ne5 O-O 14. Bxc6 Qc7
15. exd5 bxc6 16. Nxc6 Bd6 17. Nd4 Ba6 18. dxe6 Bxh2+ 19. Kh1 Bxf1 20. Nxf1 Be5
21. Qf3 Bxd4 22. exf7+ Qxf7 23. Bxd4 Rad8 24. c3 Nd5 25. Qxf7+ Rxf7 26. Ng3 h6
27. f3 Kh7 28. Ne4 Nf4 29. Ra3 Ne2 30. Bf2 Rd5 31. Ng3 Nf4 32. c4 Rd1+ 33. Kh2
Rd2 34. Ne4 Rc2 35. c5 Rb7 36. Kg3 Nh5+ 37. Kg4 Kg6 38. Ra6+ Nf6+ 39. Nxf6 gxf6
40. Kg3 Rbb2 41. Bd4 Rxg2+ 42. Kf4 Rxa2 43. Rxf6+ Kh7 44. Rf7+ Kg8 45. Rd7 Rg6
46. Kf5 Rg5+ 47. Ke6 Ra6+ 48. Rd6 Ra4 49. c6 Rg6+ 50. Bf6 Kh7 51. Rd7+ 1-0

[Event "Superbet POL Blitz 2025"]
[Site "Warsaw POL"]
[Date "2025.04.30"]
[Round "11.1"]
[White "Aronian, Levon"]
[Black "Praggnanandhaa, R"]
[Result "1-0"]
[WhiteTitle "GM"]
[BlackTitle "GM"]
[WhiteElo "2747"]
[BlackElo "2758"]
[WhiteFideId "13300474"]
[BlackFideId "25059530"]
[EventDate "2025.04.29"]

1. c4 Nf6 2. Nf3 e6 3. b3 b6 4. e3 Bb7 5. Be2 Be7 6. O-O O-O 7. d4 c5 8. Bb2
cxd4 9. Nxd4 Nc6 10. Nd2 Rc8 11. Rc1 Nxd4 12. Bxd4 Ba3 13. Rc2 Qe7 14. Bf3 Bxf3
15. Nxf3 Rfd8 16. h3 h6 17. Qe2 d5 18. Rd1 dxc4 19. Rxc4 Rxc4 20. Qxc4 Qb7 21.
b4 a5 22. bxa5 bxa5 23. Qa4 Qb4 24. Qc2 Qb5 25. Rb1 Qd5 26. Ne5 Qe4 27. Qxe4
Nxe4 28. Rb7 Bc5 29. Nxf7 Rd5 30. Bxc5 Nxc5 31. Ra7 Ne4 32. f3 Nc3 33. e4 Rc5
34. Nd8 Re5 35. Nc6 Rc5 36. Nxa5 Nxa2 37. Nb3 Rc3 38. Nd4 Nc1 39. Nxe6 g5 40.
Nd4 Nd3 41. Nf5 Nf4 42. Nxh6+ Kf8 43. Ra2 Kg7 44. Ng4 Rc6 45. Ra7+ Kf8 46. Ra2
Rb6 47. Kh2 Kg7 48. Ne3 Kg6 49. Nd5 1-0

[Event "Superbet POL Blitz 2025"]
[Site "Warsaw POL"]
[Date "2025.04.30"]
[Round "11.2"]
[White "Firouzja, Alireza"]
[Black "Topalov, Veselin"]
[Result "1-0"]
[WhiteTitle "GM"]
[BlackTitle "GM"]
[WhiteElo "2757"]
[BlackElo "2717"]
[WhiteFideId "12573981"]
[BlackFideId "2900084"]
[EventDate "2025.04.29"]

1. e4 c5 2. Nf3 Nc6 3. Bb5 e6 4. O-O Nge7 5. Re1 a6 6. Bf1 d5 7. exd5 Nxd5 8. d4
Nf6 9. Be3 cxd4 10. Nxd4 Bd7 11. c4 Qb8 12. Nc3 Bd6 13. h3 O-O 14. Nf3 Rd8 15.
c5 Bf4 16. Qc1 Bxe3 17. Qxe3 Nb4 18. Rac1 b6 19. Ne5 Be8 20. cxb6 Nbd5 21. Nxd5
Nxd5 22. Qg3 Qxb6 23. b3 Rac8 24. Nc4 Qb8 25. Qxb8 Rxb8 26. Na5 Nb4 27. a3 Nd3
28. Bxd3 Rxd3 29. Red1 Rxd1+ 30. Rxd1 Rb5 31. Rd8 Kf8 32. b4 Ke7 33. Ra8 Rb6 34.
Ra7+ Kf6 35. Nb3 Rd6 36. Nc5 Rd1+ 37. Kh2 Bc6 38. Rxa6 Bd5 39. b5 Rd2 40. Kg3 g5
41. Nd7+ Kf5 42. Nb6 Bb3 43. Ra7 e5 44. Rc7 h5 45. Rc3 h4+ 46. Kh2 Be6 47. f3 e4
48. Nc4 Bxc4 49. fxe4+ Kxe4 50. Rxc4+ Ke5 51. Rb4 Kd6 52. b6 1-0

[Event "Superbet POL Blitz 2025"]
[Site "Warsaw POL"]
[Date "2025.04.30"]
[Round "11.3"]
[White "Fedoseev, Vladimir3"]
[Black "Aravindh, Chithambaram VR."]
[Result "1-0"]
[WhiteTitle "GM"]
[BlackTitle "GM"]
[WhiteElo "2739"]
[BlackElo "2749"]
[WhiteFideId "24130737"]
[BlackFideId "5072786"]
[EventDate "2025.04.29"]

1. d4 Nf6 2. Bg5 d5 3. e3 e6 4. Nd2 b6 5. Ngf3 Bb7 6. Bb5+ c6 7. Bd3 Be7 8. c4
Nbd7 9. O-O c5 10. cxd5 exd5 11. dxc5 bxc5 12. Qc2 O-O 13. Rad1 g6 14. Bb5 Rc8
15. Qa4 Nb6 16. Qxa7 Ra8 17. Qxb7 Rb8 18. Qc6 Rc8 19. Ne5 Rxc6 20. Nxc6 Qc7 21.
e4 Kg7 22. Rfe1 Ng4 23. Bxe7 Qxh2+ 24. Kf1 Re8 25. Bxc5 Nc4 26. Bd4+ f6 27. Nxc4
dxc4 28. f3 Nh6 29. Bg1 Qf4 30. Nd4 Re5 31. Bxc4 Qh4 32. Ne6+ Rxe6 33. Bxe6 g5
34. Rd7+ Kg6 35. g4 Qh3+ 36. Ke2 Qg2+ 37. Bf2 Qh2 1-0

[Event "Superbet POL Blitz 2025"]
[Site "Warsaw POL"]
[Date "2025.04.30"]
[Round "11.4"]
[White "Deac, Bogdan-Daniel"]
[Black "Gavrilescu, David"]
[Result "1/2-1/2"]
[WhiteTitle "GM"]
[BlackTitle "GM"]
[WhiteElo "2668"]
[BlackElo "2554"]
[WhiteFideId "1226380"]
[BlackFideId "1227190"]
[EventDate "2025.04.29"]

1. d4 d5 2. Nf3 Nf6 3. e3 c5 4. Be2 Nc6 5. c3 cxd4 6. exd4 Bg4 7. Bf4 e6 8. Nbd2
Bd6 9. Bg3 O-O 10. O-O Qc7 11. Re1 Nd7 12. Bd3 h6 13. a4 Rae8 14. Qc2 a6 15. Re3
Bxg3 16. hxg3 e5 17. dxe5 Ndxe5 18. Nxe5 Rxe5 19. Rxe5 Qxe5 20. Nf3 Qf6 21. Nh2
Be6 22. Nf3 Bg4 23. Nh2 Be6 24. Nf3 Bg4 1/2-1/2

[Event "Superbet POL Blitz 2025"]
[Site "Warsaw POL"]
[Date "2025.04.30"]
[Round "11.5"]
[White "Vachier-Lagrave, Maxime"]
[Black "Duda, Jan-Krzysztof"]
[Result "1-0"]
[WhiteTitle "GM"]
[BlackTitle "GM"]
[WhiteElo "2722"]
[BlackElo "2739"]
[WhiteFideId "623539"]
[BlackFideId "1170546"]
[EventDate "2025.04.29"]

1. e4 c5 2. Nf3 Nf6 3. e5 Nd5 4. Nc3 Nxc3 5. dxc3 Nc6 6. Bd3 e6 7. Qe2 Qc7 8.
Bf4 h6 9. h4 a6 10. a4 b6 11. Bg3 Bb7 12. Rd1 Na5 13. h5 c4 14. Be4 Bxe4 15.
Qxe4 Qc6 16. Rh4 Qxe4+ 17. Rxe4 Rc8 18. Red4 Rc7 19. Nd2 Bc5 20. Rg4 O-O 21. Ne4
Kh7 22. Ke2 Rb8 23. Bf4 Bf8 24. Ra1 Nc6 25. b4 cxb3 26. cxb3 b5 27. b4 a5 28.
bxa5 Nxa5 29. Be3 Nc4 30. Bd4 Ra8 31. Nd6 bxa4 32. Nxf7 d5 33. Nd6 Nxd6 34. exd6
Bxd6 35. Rg6 Re7 36. Kd3 a3 37. Ra2 Ra6 38. g3 Ra8 39. f4 Kg8 40. Kc2 Kf8 41.
Kd3 Ra6 42. Kc2 Ra8 43. g4 Rd8 44. Kd3 Bxf4 45. Rxa3 Bd6 46. Ra6 Kg8 47. Bf6
Rdd7 48. Rxd6 Rxd6 49. Bxe7 Ra6 50. Bf6 Kf7 51. Bxg7 1-0

[Event "Superbet POL Blitz 2025"]
[Site "Warsaw POL"]
[Date "2025.04.30"]
[Round "12.1"]
[White "Topalov, Veselin"]
[Black "Vachier-Lagrave, Maxime"]
[Result "0-1"]
[WhiteTitle "GM"]
[BlackTitle "GM"]
[WhiteElo "2717"]
[BlackElo "2722"]
[WhiteFideId "2900084"]
[BlackFideId "623539"]
[EventDate "2025.04.29"]

1. d4 Nf6 2. c4 g6 3. Nf3 Bg7 4. e3 O-O 5. h3 b6 6. Be2 Bb7 7. O-O e6 8. Nc3 d5
9. cxd5 Nxd5 10. Bd2 Nd7 11. Nxd5 Bxd5 12. Bc3 c5 13. Rc1 Rc8 14. Qa4 a5 15.
Rfd1 Rc7 16. Qa3 Qa8 17. dxc5 Bxc3 18. Rxc3 Nxc5 19. b4 axb4 20. Qxb4 Rfc8 21.
Ra3 Ra7 22. Rxa7 Qxa7 23. a3 Ne4 24. Bf1 Nc3 25. Rd3 Qa5 26. Nd4 Qxb4 27. axb4
Na2 28. Rd2 Nxb4 29. Rb2 Nc6 30. Rxb6 Nxd4 31. exd4 Rc1 32. Rb4 Be4 33. Rb3 Rd1
34. f3 Bc2 35. Rc3 Ba4 36. Kf2 Rxd4 37. g3 g5 38. Rc4 Rd2+ 39. Ke3 Ra2 40. h4
gxh4 41. Rxh4 Ra3+ 42. Kf2 Bc2 43. Rc4 Bg6 44. Be2 Kg7 45. g4 h5 46. gxh5 Bxh5
47. Rh4 Bg6 48. Rb4 e5 49. Rb6 Kh6 50. Bc4 Kg5 51. Bd5 Ra5 52. Rd6 f5 53. Be6
Kf4 54. Rb6 Bh5 55. Rb4+ Kg5 0-1

[Event "Superbet POL Blitz 2025"]
[Site "Warsaw POL"]
[Date "2025.04.30"]
[Round "12.2"]
[White "Duda, Jan-Krzysztof"]
[Black "Fedoseev, Vladimir3"]
[Result "1-0"]
[WhiteTitle "GM"]
[BlackTitle "GM"]
[WhiteElo "2739"]
[BlackElo "2739"]
[WhiteFideId "1170546"]
[BlackFideId "24130737"]
[EventDate "2025.04.29"]

1. d4 d5 2. Nf3 c5 3. c3 cxd4 4. cxd4 Nc6 5. Nc3 Nf6 6. Bf4 Bf5 7. e3 e6 8. Qb3
Bb4 9. Ne5 Qb6 10. Be2 Ne4 11. Rc1 Nxe5 12. Bxe5 O-O 13. f3 Nxc3 14. bxc3 Ba5
15. g4 Bg6 16. Kf2 f6 17. Bg3 Rfc8 18. c4 Qxb3 19. axb3 Bb4 20. h4 a5 21. h5 Be8
22. Bd3 Bc6 23. Ra1 Bc3 24. Rac1 Bb4 25. Rb1 Rd8 26. Rhc1 dxc4 27. bxc4 e5 28.
d5 Be8 29. Ke2 Rac8 30. Be1 Bxe1 31. Kxe1 Rd6 32. Rc2 b6 33. e4 g6 34. h6 Bd7
35. Rcb2 b5 36. cxb5 Rb6 37. Ra2 f5 38. g5 fxe4 39. fxe4 Ra8 40. Rba1 Bxb5 41.
Rb2 Bxd3 42. Rxb6 Bxe4 43. d6 Kf7 44. Rb5 a4 45. Rxe5 Bc6 46. Re7+ Kg8 47. Rg7+
Kh8 48. Rc7 Bb5 49. d7 1-0

[Event "Superbet POL Blitz 2025"]
[Site "Warsaw POL"]
[Date "2025.04.30"]
[Round "12.3"]
[White "Praggnanandhaa, R"]
[Black "Firouzja, Alireza"]
[Result "1-0"]
[WhiteTitle "GM"]
[BlackTitle "GM"]
[WhiteElo "2758"]
[BlackElo "2757"]
[WhiteFideId "25059530"]
[BlackFideId "12573981"]
[EventDate "2025.04.29"]

1. b3 e5 2. Bb2 Nc6 3. e3 d5 4. Bb5 Ne7 5. Bxe5 a6 6. Bxc6+ Nxc6 7. Bg3 h5 8. h4
d4 9. Ne2 Be7 10. exd4 Nxd4 11. Nbc3 Nf5 12. d4 Nxh4 13. Bxh4 Bxh4 14. Qd3 g6
15. Qe4+ Be7 16. Nd5 Qd6 17. c4 Bf5 18. Qe5 Qxe5 19. dxe5 Bd8 20. O-O-O Kf8 21.
Nd4 Be4 22. f3 Bxd5 23. cxd5 Bg5+ 24. Kc2 Bf4 25. Rhe1 Re8 26. Re4 g5 27. e6 Kg7
28. Rde1 f6 29. g3 Be5 30. f4 Bxd4 31. Rxd4 Kg6 32. Kd3 h4 33. fxg5 fxg5 34.
gxh4 Rxh4 35. Rxh4 gxh4 36. Ke4 Rh8 37. d6 cxd6 38. Kd5 h3 39. Kxd6 h2 40. e7
Kf7 41. Kd7 1-0

[Event "Superbet POL Blitz 2025"]
[Site "Warsaw POL"]
[Date "2025.04.30"]
[Round "12.4"]
[White "Gavrilescu, David"]
[Black "Aronian, Levon"]
[Result "0-1"]
[WhiteTitle "GM"]
[BlackTitle "GM"]
[WhiteElo "2554"]
[BlackElo "2747"]
[WhiteFideId "1227190"]
[BlackFideId "13300474"]
[EventDate "2025.04.29"]

1. e4 c5 2. Nf3 d6 3. Bb5+ Nd7 4. O-O a6 5. Bxd7+ Bxd7 6. c3 Nf6 7. Re1 e6 8. d4
Be7 9. e5 dxe5 10. dxe5 Nd5 11. c4 Nb6 12. Qe2 Bc6 13. b3 Nd7 14. Nc3 g5 15. Bb2
g4 16. Nd2 Qb6 17. Nd5 Qd8 18. Qxg4 exd5 19. e6 d4 20. Qg7 Rf8 21. exd7+ Kxd7
22. Ne4 Kc7 23. b4 Rg8 24. Qxf7 Qf8 25. Qxf8 Raxf8 26. g3 cxb4 27. Bxd4 Rf5 28.
Rad1 a5 29. f4 a4 30. Be5+ Kb6 31. Nd6 Bxd6 32. Bxd6 Ka5 33. Rb1 Rf6 34. Bxb4+
Ka6 35. Bc3 Rxf4 36. c5 Rc4 37. Bb4 Rc2 38. Rbc1 Rg2+ 0-1